Les 15 pays ayant les plus grandes ZEE - Statistiques

Statistiques générales
  • Ce quiz a été pris 179 fois
  • Le résultat moyen est 12 sur 15
Statistiques - réponses
Superficie de la zee Pays % Correct
11 694 006 km2 France
100%
11 351 000 km2 États-Unis
99%
3 879 666 km2 Chine
98%
7 566 673 km2 Russie
96%
6 805 586 km2 Royaume-Uni
95%
3 660 955 km2 Brésil
94%
5 599 077 km2 Canada
93%
9 025 053 km2 Australie
92%
4 479 388 km2 Japon
89%
3 177 593 km2 Mexique
82%
6 159 032 km2 Indonésie
80%
3 675 279 km2 Chili
77%
6 682 503 km2 Nouvelle-Zélande
74%
2 996 419 km2 Micronésie
27%
3 441 810 km2 Kiribati
25%
Aucun quiz correspondant
Distribution des résultats
% des personnes avec chaque résultat
Percentile par nombre de réponses
Votre historique - résultats
Vous n’avez pas pris ce quiz